[Event "Titled Tuesday intern op 15st Dec"]
[Site "Chess.com INT"]
[Date "2020.12.15"]
[Round "10"]
[White "Sviridov, Valery"]
[Black "Delgado Ramirez, Neuris"]
[Result "1-0"]
[WhiteElo "2562"]
[BlackElo "2621"]
[PlyCount "37"]
[EventDate "2020.12.15"]
[EventType "swiss (blitz)"]
[EventRounds "11"]
[EventCountry "USA"]
[SourceTitle "CBM 199 Extra"]
[Source "ChessBase"]
[SourceDate "2021.01.31"]
[SourceVersion "1"]
[SourceVersionDate "2021.01.31"]
[SourceQuality "1"]

1. Nf3 Nf6 2. g3 b5 3. Bg2 Bb7 4. O-O e6 5. d3 c5 6. Nbd2 Nc6 ({RR} 6... d6 7. c3 Nbd7 8. a4 a6 9. Qb3 Qb6 10. axb5 axb5 11. Rxa8+ Bxa8 12. Qa3 Qb8 13. b4 Be7 14. bxc5 dxc5 15. Qb3 O-O 16. Bb2 Bc6 17. c4 b4 18. Ra1 Qc7 19. Ne1 Bxg2 20. Nxg2 Bd6 21. Qa4 {Maksimovic,B (2486)-Maghsoodloo,P (2734) chess.com INT 2023 0-1 (89)}) ({RR} 6... Be7 7. e4 d6 8. a4 a6 9. e5 dxe5 10. Nxe5 Bxg2 11. Kxg2 b4 12. Qf3 Ra7 13. Re1 O-O 14. b3 Nd5 15. Bb2 Rc7 16. h4 Nc6 17. Nxc6 Rxc6 18. h5 Bf6 19. Bxf6 Qxf6 20. Qxf6 Nxf6 21. h6 {Babazada,K (2431)-Delgado Ramirez,N (2603) Chess.com INT 2022 1-0 (47)}) 7. e4 ({RR} 7. a4 a6 8. e4 d6 9. e5 Nd5 10. exd6 Bxd6 11. Ne4 Be7 12. axb5 axb5 13. Rxa8 Bxa8 14. c4 bxc4 15. dxc4 Ndb4 16. Be3 Nd3 17. Ne1 Nde5 18. Qxd8+ Kxd8 19. b3 Na5 20. Nc2 Kc7 21. Ra1 Bxe4 {Lavrov,M (2344)-Matinian,N (2415) Moscow RUS 2025 1-0 (43)}) 7... d6 8. c3 $146 ({RR} 8. e5 Nd7 9. exd6 Bxd6 10. Ne4 Be7 11. Bg5 Qb6 12. Bxe7 Nxe7 13. Qe2 O-O 14. c3 Rad8 15. Rfd1 e5 16. Ned2 Nc6 17. a4 a6 18. Ra3 Rfe8 19. axb5 axb5 20. Ng5 h6 21. Nge4 Ne7 22. Rb3 f5 {Sannikov,I (2261)-Yudin,S (2529) Pavlodar 2015 0-1 (53)}) 8... Nd7 9. d4 Be7 10. Qe2 a6 11. a4 b4 12. d5 exd5 13. exd5 Nce5 14. Nxe5 Nxe5 15. f4 Ng6 16. Nc4 O-O 17. f5 Ne5 18. Nxe5 dxe5 19. d6 1-0

[Event "Titled Tuesday intern op 15st Dec"]
[Site "Chess.com INT"]
[Date "2020.12.15"]
[Round "11"]
[White "Svane, Rasmus"]
[Black "Salinas Herrera, Pablo Patricio"]
[Result "1-0"]
[WhiteElo "2613"]
[BlackElo "2514"]
[PlyCount "71"]
[EventDate "2020.12.15"]
[EventType "swiss (blitz)"]
[EventRounds "11"]
[EventCountry "USA"]
[SourceTitle "CBM 199 Extra"]
[Source "ChessBase"]
[SourceDate "2021.01.31"]
[SourceVersion "1"]
[SourceVersionDate "2021.01.31"]
[SourceQuality "1"]

1. Nf3 d5 2. g3 Nf6 3. Bg2 Bg4 4. O-O e6 5. h3 Bh5 6. d4 Be7 7. c4 c6 8. Nc3 O-O 9. Ne5 Nbd7 10. f4 Bg6 11. g4 Ne4 $146 ({RR} 11... Nxe5 12. dxe5 Ne4 13. Nxe4 Bxe4 14. Bxe4 dxe4 15. Qc2 Bc5+ 16. Kg2 e3 17. Rd1 Qh4 18. Rf1 f6 19. exf6 gxf6 20. b3 f5 21. g5 e5 22. Bb2 exf4 23. Rf3 Rad8 24. Qc3 Bd4 25. Qxd4 Rxd4 26. Bxd4 {Garv,G (2006)-Janik,I (2548) chess.com INT 2023 0-1 (44)}) 12. Nxg6 hxg6 13. Nxe4 dxe4 14. Bxe4 Qc7 15. Bg2 Rad8 16. Qc2 Rfe8 17. e4 Nf8 18. Be3 a6 19. Rad1 Qa5 20. a3 g5 21. e5 gxf4 22. Bxf4 Ng6 23. Be3 c5 24. d5 Nxe5 25. dxe6 Rxd1 26. exf7+ Nxf7 27. Qxd1 Bf6 28. Bd2 Qc7 29. Bf4 Qe7 30. Bd5 Kh8 31. Qd3 Bxb2 32. Qg6 Bd4+ 33. Kh1 Rf8 34. Qh5+ Kg8 35. g5 Be3 36. g6 1-0

[Event "EU-ch qual Online"]
[Site "Tornelo INT"]
[Date "2020.12.18"]
[Round "6"]
[White "Demidov, Mikhail"]
[Black "Saric, Ivan"]
[Result "1-0"]
[WhiteElo "2526"]
[BlackElo "2652"]
[PlyCount "125"]
[EventDate "2020.12.18"]
[EventType "swiss"]
[EventRounds "11"]
[EventCountry "POL"]
[SourceTitle "CBM 199 Extra"]
[Source "ChessBase"]
[SourceDate "2021.01.31"]
[SourceVersion "1"]
[SourceVersionDate "2021.01.31"]
[SourceQuality "1"]

1. Nf3 g6 2. g3 Bg7 3. Bg2 d5 4. O-O Nf6 5. c4 dxc4 6. Qa4+ Nfd7 7. Qxc4 O-O 8. d3 ({RR} 8. d4 Nb6 9. Qc2 Nc6 10. Rd1 Bf5 11. e4 Bg4 12. d5 Bxf3 13. Bxf3 Nd4 14. Qd3 c6 15. Bg2 cxd5 16. Nc3 dxe4 17. Qxe4 e5 18. Qxb7 Qc8 19. Qe4 Rb8 20. Be3 f5 21. Qh4 f4 22. Bxd4 exd4 {Kubicka,A (2292)-Balajayeva,K (2371) Rhodes GRE 2024 0-1 (32)}) ({RR} 8. Qc2 Nc6 9. Nc3 Nb6 10. b3 Bf5 11. d3 Qd7 12. Bb2 Bh3 13. Ne4 Bxg2 14. Kxg2 Nb4 15. Qd2 Bxb2 16. Qxb2 c6 17. h4 h5 18. Qe5 f6 19. Qf4 N4d5 20. Qh6 Qe8 21. Nc5 e5 22. Nxb7 Qf7 {Nepomniachtchi,I (2766)-Saric,I (2680) Zagreb 2022 1-0 (34)}) 8... Nc6 9. Nc3 h6 $146 ({RR} 9... Nb6 10. Qh4 e5 11. Qxd8 Rxd8 12. Bg5 f6 13. Be3 Nd4 14. Bxd4 exd4 15. Nb5 c5 16. Rfc1 Na4 17. b3 Nc3 18. Nxc3 dxc3 19. Rxc3 f5 20. d4 cxd4 21. Rc7 Bf6 22. Rac1 Rb8 23. Ne1 Be5 24. R7c5 {Andriasian,Z (2631)-Ragger,M (2680) Martuni 2013 ½-½ (47)}) 10. Qh4 e5 11. Qxd8 Nxd8 12. Bd2 c6 13. Ne4 Ne6 14. Nd6 Rd8 15. Rab1 a5 16. Rfc1 Ndc5 17. Nxc8 Rdxc8 18. Be3 Nd7 19. Nd2 Nd4 20. Kf1 Nf5 21. Bh3 Nxe3+ 22. fxe3 f5 23. e4 Rf8 24. exf5 gxf5 25. Kg2 Nb6 26. Nc4 Nxc4 27. Rxc4 Rae8 28. Rf1 e4 29. d4 e3 30. Rxf5 Rxf5 31. Bxf5 Rd8 32. b4 axb4 33. Rxb4 Rxd4 34. Rxb7 Rd2 35. Kf3 Bd4 36. a4 Kf8 37. Rc7 c5 38. Bd3 Ra2 39. Bb5 Ra1 40. Kg2 h5 41. h3 Ra2 42. Rh7 c4 43. Bxc4 Rxa4 44. Bd3 Ra5 45. Bg6 Kg8 46. Rxh5 Ra2 47. Bd3 Rd2 48. Kf3 Kg7 49. Rh7+ Kg8 50. Rd7 Bc5 51. h4 Kf8 52. g4 Rd1 53. g5 Rh1 54. Kg4 Be7 55. Rd4 Kg7 56. Kf5 Rf1+ 57. Ke6 Bc5 58. Rd7+ Kg8 59. h5 Rg1 60. Kf5 Rf1+ 61. Kg6 Kf8 62. h6 Ke8 63. Bb5 1-0

[Event "EU-ch qual Online"]
[Site "Tornelo INT"]
[Date "2020.12.18"]
[Round "8"]
[White "Jones, Gawain C B"]
[Black "Sadzikowski, Daniel"]
[Result "1-0"]
[WhiteElo "2670"]
[BlackElo "2528"]
[PlyCount "57"]
[EventDate "2020.12.18"]
[EventType "swiss"]
[EventRounds "11"]
[EventCountry "POL"]
[SourceTitle "CBM 199 Extra"]
[Source "ChessBase"]
[SourceDate "2021.01.31"]
[SourceVersion "1"]
[SourceVersionDate "2021.01.31"]
[SourceQuality "1"]

1. Nf3 d5 2. b3 Bg4 3. Bb2 Bxf3 4. exf3 e6 5. g3 Nf6 6. Bg2 Be7 ({RR} 6... g6 7. O-O Bg7 8. c4 O-O 9. f4 c6 10. Re1 a5 11. Nc3 Nbd7 12. Rc1 Qb6 13. Na4 Qa7 14. Qe2 Rfc8 15. Qe3 Qxe3 16. fxe3 b5 17. cxb5 cxb5 18. Nc3 Nc5 19. Bf1 b4 20. Nb5 Ne8 21. Bxg7 {Jones,G (2640)-Gozzoli,Y (2565) Chess.com INT 2018 ½-½ (55)}) 7. O-O O-O ({RR} 7... c6 8. d4 Nbd7 9. Nd2 O-O 10. f4 a5 11. c4 a4 12. Qc2 Qb6 13. f5 axb3 14. axb3 exf5 15. c5 Qc7 16. Qxf5 Rfe8 17. b4 Nf8 18. Bc3 Ne6 19. h4 b5 20. Qd3 Qb7 21. Bh3 Bf8 22. Rxa8 {Woodward,A (2544)-Jaskolka,T (2198) chess.com INT 2025 1-0 (35)}) 8. d4 $146 ({RR} 8. f4 c5 9. d3 Nfd7 10. c4 Bf6 11. Nc3 Nb6 12. Rc1 Nc6 13. Ba3 Bxc3 14. Rxc3 d4 15. Rc1 Nd7 16. Qd2 a5 17. Rfe1 Qc7 18. Re2 Ra6 19. Rce1 a4 20. b4 cxb4 21. Bxb4 Nxb4 22. Qxb4 Nc5 {Goletiani,R (2332)-Kraai,J (2416) Chicago 2005 ½-½ (52)}) ({RR} 8. d3 c6 9. Nd2 Nbd7 10. f4 a5 11. a3 Ne8 12. Nf3 Rc8 13. c4 Nd6 14. Qc2 b5 15. c5 Nf5 16. b4 Ra8 17. Rfe1 Qc7 18. d4 axb4 19. axb4 Rxa1 20. Rxa1 Qb7 21. Bf1 Ra8 22. Rd1 g6 {Nakamura,H (2763)-Vidit,S (2711) Chess.com INT 2018 1-0 (66)}) 8... c5 9. dxc5 Na6 10. Nd2 Nxc5 11. Qe2 Rc8 12. Rfd1 Qc7 13. c4 Rfd8 14. Be5 Qb6 15. f4 Qa6 16. Qf1 Qa3 17. cxd5 exd5 18. Nf3 Nfe4 19. Bd4 Ne6 20. Be5 Bc5 21. Nd4 Nxd4 22. Bxd4 Bxd4 23. Rxd4 Nc3 24. Qd3 Qb2 25. Re1 Re8 26. Rxe8+ Rxe8 27. Bf1 h6 28. Qd2 Qc2 29. Qxc2 1-0

[Event "Chess.com Bullet op1"]
[Site "Chess.com INT"]
[Date "2020.12.19"]
[Round "6"]
[White "Sadhwani, Raunak"]
[Black "Firouzja, Alireza"]
[Result "1-0"]
[WhiteElo "2545"]
[BlackElo "2749"]
[PlyCount "79"]
[EventDate "2020.12.19"]
[EventType "swiss (blitz)"]
[EventRounds "21"]
[EventCountry "USA"]
[SourceTitle "EXT 2022"]
[Source "ChessBase"]
[SourceDate "2021.10.06"]
[SourceVersion "1"]
[SourceVersionDate "2021.10.06"]
[SourceQuality "1"]

1. Nf3 Nf6 2. g3 g6 3. Bg2 d6 ({RR} 3... c5 4. b3 d6 5. O-O e5 6. d3 Bg7 7. e4 O-O 8. Bb2 Nc6 9. Nbd2 h6 10. Re1 Re8 11. c3 d5 12. exd5 Nxd5 13. a3 Rb8 14. b4 cxb4 15. axb4 b5 16. Ne4 Qc7 17. Nc5 a5 18. Qb3 {Dubov,D (2638)-Grischuk,A (2779) Khanty-Mansiysk 2013 1-0 (57)}) ({RR} 3... Nc6 4. O-O Bg7 5. d3 O-O 6. Nc3 d6 7. Re1 Bf5 8. Nh4 Qd7 9. Nxf5 Qxf5 10. Bxc6 bxc6 11. e4 Qh3 12. Qf3 Rab8 13. a3 Rfe8 14. Qg2 Qd7 15. Ra2 d5 16. exd5 Nxd5 17. Nxd5 cxd5 18. b3 {Gala,M (1515)-Lara,S (1404) Erbil IRQ 2025 ½-½ (35)}) 4. O-O e5 5. d4 $146 ({RR} 5. d3 Bg7 6. e4 Bd7 7. c3 Qc8 8. Qb3 Nc6 9. Nbd2 Be6 10. Qa4 Bd7 11. b4 a6 12. Qb3 Be6 13. c4 Bh3 14. b5 Na5 15. Qc3 b6 16. Nb3 Nb7 17. Be3 h5 18. Bg5 Nh7 19. Be3 h4 {Galvez Perez,J (2072)-Querol Soro,S (1959) Aragon 2009 ½-½}) 5... e4 6. Nfd2 d5 7. c4 c6 8. Nc3 Bg7 9. cxd5 cxd5 10. Nb3 h6 11. f3 exf3 12. exf3 O-O 13. Be3 Nc6 14. Qd2 Kh7 15. Rac1 b6 16. Rfe1 Ba6 17. Ne2 Rc8 18. Nf4 Qd7 19. Bh3 Qb7 20. Bxc8 Rxc8 21. Nd3 Ne7 22. Rxc8 Qxc8 23. Ne5 Qf8 24. Rc1 Nf5 25. Rc7 Qe8 26. Rxf7 Bc4 27. Rxa7 Kg8 28. g4 Nh4 29. Qf2 g5 30. Nd2 Bb5 31. b3 Nd7 32. a4 Bxe5 33. dxe5 Bd3 34. Bd4 Nf8 35. e6 Qxe6 36. Rg7+ Kh8 37. Rg6+ Kh7 38. Rxe6 Nxe6 39. Qe3 Nf4 40. Qe7+ 1-0

[Event "Chess.com Bullet op1"]
[Site "Chess.com INT"]
[Date "2020.12.19"]
[Round "7"]
[White "Artemiev, Vladislav"]
[Black "Zubov, Alexander"]
[Result "1-0"]
[WhiteElo "2711"]
[BlackElo "2598"]
[PlyCount "41"]
[EventDate "2020.12.19"]
[EventType "swiss (blitz)"]
[EventRounds "21"]
[EventCountry "USA"]
[SourceTitle "EXT 2022"]
[Source "ChessBase"]
[SourceDate "2021.10.06"]
[SourceVersion "1"]
[SourceVersionDate "2021.10.06"]
[SourceQuality "1"]

1. b3 d5 2. Bb2 Bg4 3. Nf3 Bxf3 4. exf3 e6 5. g3 Nf6 6. Bg2 g6 7. O-O Bg7 8. f4 O-O 9. d4 ({RR} 9. Re1 a5 10. a4 Na6 11. d3 c6 12. Nd2 Nd7 13. d4 c5 14. Nf3 Rc8 15. Ne5 cxd4 16. Bxd4 Nxe5 17. fxe5 Qc7 18. Re2 Nb4 19. Rc1 Na2 20. Rb1 Nc3 21. Bxc3 Qxc3 22. f4 Rc7 23. Qd3 Rfc8 {Vardanyan,A (2333)-Kryakvin,D (2459) chess.com INT 2025 0-1}) 9... c5 ({RR} 9... Nbd7 10. Nd2 c5 11. c4 Rc8 12. Rc1 b6 13. Qe2 Re8 14. Rfd1 Qe7 15. Nf3 dxc4 16. Qxc4 Nd5 17. Ne5 Red8 18. Qa4 Nxe5 19. dxe5 Qd7 20. Qa6 Qc6 21. a4 Bf8 22. h4 h5 23. Be4 Rc7 24. Qe2 {Vitiugov,N (2678)-Niemann,H (2711) London ENG 2024 ½-½ (43)}) 10. dxc5 Qa5 $146 ({RR} 10... Na6 11. Nd2 Nxc5 12. Nf3 Rc8 13. Rc1 Nce4 14. Ne5 Nc3 15. Qd2 Qc7 16. a4 Rfd8 17. Rfe1 Nd7 18. Nd3 a6 19. h4 h5 20. Bf3 Ne4 21. Bxe4 Bxb2 22. Nxb2 dxe4 23. Qe2 Nf6 24. Nc4 b5 25. axb5 {Haug,H (2306)-Vokhidov,S (2643) chess.com INT 2024 0-1 (43)}) 11. c4 Rd8 12. cxd5 Nxd5 13. Bxg7 Kxg7 14. Qd4+ Nf6 15. Qc3 Qc7 16. Nd2 Nc6 17. Ne4 Nd4 18. Rfe1 Rd7 19. Nxf6 Kxf6 20. Re4 Rad8 21. Rd1 1-0

[Event "Chess.com Bullet op1"]
[Site "Chess.com INT"]
[Date "2020.12.19"]
[Round "11"]
[White "Praggnanandhaa, Rameshbabu"]
[Black "Ivic, Velimir"]
[Result "1-0"]
[WhiteElo "2608"]
[BlackElo "2581"]
[PlyCount "107"]
[EventDate "2020.12.19"]
[EventType "swiss (blitz)"]
[EventRounds "21"]
[EventCountry "USA"]
[SourceTitle "EXT 2022"]
[Source "ChessBase"]
[SourceDate "2021.10.06"]
[SourceVersion "1"]
[SourceVersionDate "2021.10.06"]
[SourceQuality "1"]

1. Nf3 Nf6 2. d3 g6 3. g3 Bg7 4. Bg2 O-O 5. O-O d6 6. Nbd2 c5 7. e4 Nc6 8. Re1 Rb8 9. c3 b5 10. d4 cxd4 11. cxd4 Bg4 ({RR} 11... e6 12. e5 dxe5 13. dxe5 Nd5 14. Nb3 a5 15. Bg5 Qb6 16. Rc1 Ba6 17. Nc5 Rfc8 18. Nd7 Qb7 19. Nf6+ Kh8 20. Nxd5 exd5 21. Qxd5 Nb4 22. Qxb7 Bxb7 23. Rxc8+ Rxc8 24. a3 Nd3 25. Re2 Bxf3 26. Bxf3 {Praggnanandhaa,R (2608)-Mohammad,N (2445) Chess.com INT 2020 1-0 (61)}) ({RR} 11... Bb7 12. Nb3 Qd7 13. d5 Nb4 14. a3 Na6 15. Na5 Ba8 16. e5 Nxd5 17. e6 fxe6 18. Ng5 Ndc7 19. Bh3 Rf6 20. Qe2 Bd5 21. Bd2 Nc5 22. Bc3 h6 23. Bxf6 Bxf6 24. Nf3 Bxb2 25. Nh4 Bxa1 26. Rxa1 {Gutierrez Olivares,D (2354)-Kejna,P (2249) chess.com INT 2024 0-1 (69)}) 12. e5 dxe5 13. dxe5 Nd5 14. h3 $146 ({RR} 14. Qb3 Na5 15. Qd3 Nb4 16. Qxd8 Rfxd8 17. Re4 Nc2 18. Rb1 Bf5 19. Rf4 Rbc8 20. g4 Bd3 21. Ng5 Bxe5 22. Rxf7 Bf6 23. Rxh7 Bxg5 24. Rh3 Ne1 25. Ra1 Nxg2 26. Kxg2 Bxd2 27. Bxd2 Be4+ {0-1 (27) Pomerantz,D (1369)-Finegold,B (2535) Ann Arbor 2003}) 14... Bf5 15. Qe2 Ndb4 16. Ne4 Nd4 17. Nxd4 Qxd4 18. g4 Be6 19. Bf4 Rfd8 20. Red1 Qc4 21. Qxc4 Bxc4 22. b3 Be6 23. Nc5 Bd5 24. e6 Bxa1 25. Bxb8 Rxb8 26. Bxd5 f6 27. Nd7 Rc8 28. a3 Nxd5 29. Rxd5 a6 30. a4 bxa4 31. bxa4 Rc6 32. Nc5 Bd4 33. Rd8+ Kg7 34. Rxd4 Rxc5 35. Rd7 Kf8 36. Rd8+ Kg7 37. Re8 Ra5 38. Rxe7+ Kh6 39. Rf7 Rxa4 40. Rxf6 Re4 41. f3 Re1+ 42. Kf2 Re5 43. h4 a5 44. Rf7 g5 45. Rf6+ Kg7 46. hxg5 a4 47. Rf7+ Kg6 48. Ra7 a3 49. Rxa3 Rxe6 50. f4 Kg7 51. Kg3 Re7 52. Ra5 Rd7 53. Kh4 h6 54. Rf5 1-0

[Event "Chess.com Bullet op1"]
[Site "Chess.com INT"]
[Date "2020.12.19"]
[Round "13"]
[White "Naroditsky, Daniel"]
[Black "Xiong, Jeffery"]
[Result "1-0"]
[WhiteElo "2621"]
[BlackElo "2709"]
[PlyCount "135"]
[EventDate "2020.12.19"]
[EventType "swiss (blitz)"]
[EventRounds "21"]
[EventCountry "USA"]
[SourceTitle "EXT 2022"]
[Source "ChessBase"]
[SourceDate "2021.10.06"]
[SourceVersion "1"]
[SourceVersionDate "2021.10.06"]
[SourceQuality "1"]

1. b3 Nf6 2. Bb2 g6 3. Nf3 Bg7 4. g3 O-O 5. Bg2 b6 6. d3 Bb7 7. O-O c5 8. Nbd2 d6 9. e4 Nbd7 10. Re1 e6 $146 ({RR} 10... e5 11. a4 a6 12. Nc4 Qc7 13. h3 b5 14. Ne3 Bc6 15. a5 Rfe8 16. Nd2 Nf8 17. Nd5 Qb7 18. c4 b4 19. Bc1 Ne6 20. Nf3 Nd7 21. h4 h5 22. Be3 Nd4 23. Nxd4 cxd4 24. Bd2 Bxd5 25. exd5 {Gao,R (2051)-Kavyev,R (2256) chess.com INT 2024 0-1 (54)}) 11. a3 Re8 12. Ra2 Qc7 13. Qa1 Rad8 14. b4 a6 15. c4 d5 16. Ne5 d4 17. Nxd7 Nxd7 18. Qd1 Ne5 19. Nf3 Nc6 20. Qd2 Bf8 21. bxc5 bxc5 22. Ba1 Rb8 23. Rb1 Ba8 24. Rab2 Rxb2 25. Rxb2 Rb8 26. h4 Nd8 27. h5 Bc6 28. h6 Be8 29. Qg5 Nc6 30. e5 Qe7 31. Qf4 Qd8 32. g4 Rxb2 33. Bxb2 Qb8 34. Bc1 Qb1 35. Qd2 Na5 36. Qxa5 Qxc1+ 37. Bf1 Qf4 38. Nh2 Qxe5 39. Qd8 Bc6 40. g5 Qd6 41. Qf6 Qe7 42. Qe5 Qd6 43. Qf6 e5 44. Ng4 Qxf6 45. Nxf6+ Kh8 46. Bg2 Ba4 47. Bd5 Be7 48. Ne4 Bc2 49. Bxf7 Bxd3 50. Bd5 Bc2 51. Nd2 Bxg5 52. Nf3 Bf4 53. Kf1 e4 54. Ne1 d3 55. Bxe4 Bxh6 56. Bxd3 Bd1 57. Be2 Bxe2+ 58. Kxe2 Bg7 59. Nd3 Bd4 60. Nf4 Kg7 61. f3 Kf6 62. Nd3 Kf5 63. Nf2 h5 64. Ne4 h4 65. Nd6+ Kf4 66. Ne4 g5 67. Nf6 g4 68. Nh5+ 1-0

[Event "Chess.com Bullet op1"]
[Site "Chess.com INT"]
[Date "2020.12.19"]
[Round "16"]
[White "Mekhitarian, Krikor Sevag"]
[Black "Van Foreest, Jorden"]
[Result "1-0"]
[WhiteElo "2554"]
[BlackElo "2671"]
[PlyCount "65"]
[EventDate "2020.12.19"]
[EventType "swiss (blitz)"]
[EventRounds "21"]
[EventCountry "USA"]
[SourceTitle "EXT 2022"]
[Source "ChessBase"]
[SourceDate "2021.10.06"]
[SourceVersion "1"]
[SourceVersionDate "2021.10.06"]
[SourceQuality "1"]

1. Nf3 d5 2. c4 d4 3. g3 Nf6 4. Bg2 c5 5. O-O Nc6 6. a3 ({RR} 6. e3 e6 7. exd4 cxd4 8. d3 h6 9. Bf4 Bd6 10. Bxd6 Qxd6 11. Re1 O-O 12. Na3 a6 13. Rc1 Qc5 14. Nc2 a5 15. a3 a4 16. Qd2 Bd7 17. Qf4 Rfe8 18. Ne5 Rad8 19. Nxc6 Bxc6 20. Qe5 Nd7 {Martinez Alcantara,J (2603)-Dominguez Perez,L (2743) chess.com INT 2023 0-1 (48)}) ({RR} 6. e3 e5 7. exd4 cxd4 8. Re1 Bd6 9. b4 Bg4 10. b5 Ne7 11. h3 Bxf3 12. Qxf3 Rb8 13. d3 O-O 14. Bg5 Nd7 15. Bxe7 Qxe7 16. Nd2 Nc5 17. Ne4 Nxe4 18. Qxe4 f5 19. Qd5+ Kh8 20. c5 Bc7 {Fierro Baquero,M (2283)-Kaliakhmet,E (2000) FIDE Online Arena INT 2024 1-0 (43)}) 6... e5 $146 ({RR} 6... Bg4 7. h3 Bh5 8. e3 e5 9. Qa4 Qd7 10. Re1 Bd6 11. d3 O-O 12. e4 Bxf3 13. Bg5 Bxg2 14. Kxg2 Ne8 15. Nd2 f6 16. Bh4 g5 {0-1 (16) Sumaria Jarita,W (1156)-Valdivia Cano,N (1603) Moquegua Ilo 2017}) 7. b4 cxb4 8. axb4 Bxb4 9. d3 O-O 10. Ba3 Bxa3 11. Nxa3 h6 12. Rb1 Qe7 13. Qa4 Bd7 14. Nc2 Rab8 15. Nd2 Rfc8 16. Rb2 b6 17. Qa2 a5 18. Rfb1 Qd8 19. Qa3 Bg4 20. Kf1 Nd7 21. Ne4 Nc5 22. Nxc5 bxc5 23. Qxc5 Nb4 24. Qxe5 Nxc2 25. Rxb8 Nb4 26. Rxc8 Bxc8 27. Qc5 Bg4 28. h3 Be6 29. Ra1 Kh7 30. Qxa5 Qb8 31. Rb1 Nc6 32. Be4+ f5 33. Bxf5+ 1-0

[Event "Chess.com Bullet op1"]
[Site "Chess.com INT"]
[Date "2020.12.19"]
[Round "20"]
[White "Pichot, Alan"]
[Black "Iturrizaga Bonelli, Eduardo"]
[Result "1-0"]
[WhiteElo "2630"]
[BlackElo "2607"]
[PlyCount "107"]
[EventDate "2020.12.19"]
[EventType "swiss (blitz)"]
[EventRounds "21"]
[EventCountry "USA"]
[SourceTitle "EXT 2022"]
[Source "ChessBase"]
[SourceDate "2021.10.06"]
[SourceVersion "1"]
[SourceVersionDate "2021.10.06"]
[SourceQuality "1"]

1. Nf3 c5 2. b3 g6 3. Bb2 Nf6 4. Bxf6 exf6 5. e3 ({RR} 5. c4 d5 6. cxd5 Qxd5 7. Nc3 Qd8 8. g3 Nc6 9. Bg2 Be7 10. O-O O-O 11. Rc1 Rb8 12. Ne1 Bf5 13. Bxc6 bxc6 14. Na4 Qa5 15. d3 Rfd8 16. Ng2 Be6 17. Nf4 Bg4 18. Qe1 Qa6 19. Rc2 Bd6 {Aronian,L (2759)-Gelfand,B (2668) chess24.com INT 2022 1-0 (51)}) ({RR} 5. c4 Bg7 6. Nc3 O-O 7. g3 f5 8. Rc1 Nc6 9. Bg2 d6 10. O-O h5 11. h4 f4 12. gxf4 Bg4 13. e3 Ne7 14. Qc2 Nf5 15. Ng5 Nxh4 16. Bxb7 Rb8 17. Bd5 Bf6 18. Nce4 Kg7 19. Nxf6 Qxf6 {Gutkin,I (2300)-Lima,K (2083) chess.com INT 2024 1-0 (45)}) 5... Bg7 6. Be2 $146 ({RR} 6. c3 O-O 7. g3 Nc6 8. Bg2 d5 9. d4 Bg4 10. O-O Qd7 11. Re1 Rac8 12. Nbd2 cxd4 13. cxd4 Nb4 14. Rc1 Rxc1 15. Qxc1 Nd3 16. Qc3 Nxe1 17. Nxe1 Rc8 18. Qb2 Qc6 19. h3 Qc1 20. Qxc1 Rxc1 {Gao,R (1964)-Mangialardo,T (1965) chess.com INT 2023 1-0 (36)}) 6... O-O 7. O-O b6 8. d4 Bb7 9. c4 d6 10. Nc3 f5 11. Qd2 Nc6 12. Rfd1 cxd4 13. exd4 Re8 14. Rac1 Qd7 15. Bf1 h6 16. Re1 Nd8 17. d5 Rf8 18. Nd4 Kh7 19. g3 a6 20. Bg2 Qc7 21. Rcd1 Rc8 22. h4 b5 23. Bf1 bxc4 24. Bxc4 Qd7 25. h5 Qc7 26. Qd3 Qb6 27. Na4 Qxd4 28. Qxd4 Bxd4 29. Rxd4 Rc7 30. Nb6 Kg7 31. hxg6 fxg6 32. Rd2 Kf6 33. Rde2 Nf7 34. Re6+ Kg5 35. Re7 Rxe7 36. Rxe7 Nd8 37. Rd7 f4 38. Rxd6 fxg3 39. fxg3 Nf7 40. Rd7 Ne5 41. Rxb7 Kg4 42. Re7 Rf5 43. Rxe5 Rxe5 44. d6 Kxg3 45. Kf1 Rf5+ 46. Ke2 Rf6 47. d7 Rd6 48. Bxa6 h5 49. Bc8 h4 50. Nc4 Rd4 51. Ne3 h3 52. Nf1+ Kg2 53. Bb7+ Kg1 54. d8=Q 1-0

[Event "Chess.com Bullet op2"]
[Site "Chess.com INT"]
[Date "2020.12.19"]
[Round "6"]
[White "Triapishko, Alexandr"]
[Black "Iturrizaga Bonelli, Eduardo"]
[Result "1-0"]
[WhiteElo "2507"]
[BlackElo "2607"]
[PlyCount "73"]
[EventDate "2020.12.19"]
[EventType "swiss (blitz)"]
[EventRounds "21"]
[EventCountry "USA"]
[SourceTitle "EXT 2022"]
[Source "ChessBase"]
[SourceDate "2021.10.06"]
[SourceVersion "1"]
[SourceVersionDate "2021.10.06"]
[SourceQuality "1"]

1. Nf3 c5 2. g3 g6 3. c3 Bg7 4. d4 Nf6 5. Bg2 O-O 6. O-O cxd4 7. cxd4 d6 8. Nc3 Nc6 ({RR} 8... Bf5 9. Bg5 Ne4 10. Nxe4 Bxe4 11. Qd2 Nc6 12. Be3 d5 13. a3 a5 14. Rac1 Qb6 15. Rfd1 e6 16. Ne5 Nxe5 17. dxe5 Qb5 18. Bxe4 dxe4 19. Rc5 Qa6 20. Qc2 Rfd8 21. Rxd8+ Rxd8 22. Rc8 Rf8 23. Rxf8+ {Lampou,M (1751)-Topalov,A (2233) chess.com INT 2025 0-1 (40)}) 9. b3 Bg4 $146 ({RR} 9... a6 10. Bb2 Bd7 11. e3 Qa5 12. a3 Qh5 13. b4 Bg4 14. e4 Nxd4 15. Qxd4 Bxf3 16. h3 Bxg2 17. Kxg2 Nd7 18. Qd1 Qxd1 19. Nxd1 Rac8 20. Bxg7 Kxg7 21. Ne3 Nf6 22. Kf3 Rc3 23. Rfc1 Rfc8 24. Rxc3 {Skaric,L-Tatarczak,J Laguna 1996 0-1 (46)}) 10. Bb2 Rc8 11. Rc1 Qd7 12. d5 Nb4 13. a3 Na6 14. b4 Bh3 15. Nd4 Bxg2 16. Kxg2 Nc7 17. e4 a6 18. Qe2 Na8 19. Nf3 Nb6 20. e5 Nfxd5 21. Nxd5 Nxd5 22. Rcd1 e6 23. exd6 Bxb2 24. Qxb2 Qxd6 25. Ne5 h5 26. Nf3 Qc6 27. Qe5 Ne7 28. h4 Nf5 29. Rd3 Qb5 30. Qxb5 axb5 31. Rd7 Rc3 32. Rxb7 Rxa3 33. Rd1 Ra2 34. Rd3 Rc8 35. Ne5 Re2 36. Nxf7 Rcc2 37. Nh6+ 1-0

[Event "Chess.com Bullet op2"]
[Site "Chess.com INT"]
[Date "2020.12.19"]
[Round "12"]
[White "Narayanan, Sunilduth Lyna"]
[Black "Erigaisi, Arjun Kumar"]
[Result "1-0"]
[WhiteElo "2618"]
[BlackElo "2559"]
[PlyCount "69"]
[EventDate "2020.12.19"]
[EventType "swiss (blitz)"]
[EventRounds "21"]
[EventCountry "USA"]
[SourceTitle "EXT 2022"]
[Source "ChessBase"]
[SourceDate "2021.10.06"]
[SourceVersion "1"]
[SourceVersionDate "2021.10.06"]
[SourceQuality "1"]

1. Nf3 d5 2. c4 Nf6 3. cxd5 e6 ({RR} 3... Qxd5 4. Nc3 Qh5 5. e4 c6 6. d4 Qa5 7. Bd2 Bg4 8. Nd5 Qd8 9. Nxf6+ exf6 10. Bc3 Be6 11. Bd3 Be7 12. O-O O-O 13. Qe2 Re8 14. Rfd1 Bd6 15. d5 Bxd5 16. Qc2 Be6 17. e5 fxe5 18. Bxh7+ {Marchio,E (2316)-Schramm,C (2355) Griesheim 2002 1-0 (49)}) 4. e4 $146 ({RR} 4. dxe6 Bxe6 5. g3 Nc6 6. Bg2 Qd7 7. Ng5 O-O-O 8. Nxe6 Qxe6 9. Nc3 Be7 10. d3 h6 11. Be3 a6 12. Qd2 Kb8 13. O-O-O Nb4 14. Kb1 Nbd5 15. Bxd5 Nxd5 16. Nxd5 Rxd5 17. Rc1 g5 18. Rxc7 Kxc7 {Kreuchauf,O (1713)-Zierke,M (1472) Berlin 2003 ½-½}) ({RR} 4. dxe6 Bxe6 5. g3 Nc6 6. Bg2 Qd7 7. Nc3 Bh3 8. O-O h5 9. Qa4 h4 10. Ne4 hxg3 11. Nxf6+ gxf6 12. Qe4+ Be7 13. fxg3 Bxg2 14. Kxg2 Qh3+ 15. Kg1 O-O-O 16. Nh4 Kb8 17. Qf5 Rxh4 18. Rf2 Rg8 {Lentzen,M (1843)-Vogel,H (2070) Nordrheinwestfalen 2018 0-1 (37)}) 4... exd5 5. e5 Ne4 6. d3 Nc5 7. d4 Ne4 8. Bd3 c5 9. Nc3 cxd4 10. Nxe4 dxe4 11. Bxe4 Bb4+ 12. Bd2 Qb6 13. O-O O-O 14. Bxb4 Qxb4 15. Qxd4 Qxd4 16. Nxd4 Re8 17. f4 Nd7 18. Rac1 Nb6 19. Rc7 Rd8 20. Nb5 Be6 21. Nd6 Bxa2 22. Bxb7 Rab8 23. Be4 a5 24. Ra1 Be6 25. Rxa5 g6 26. g4 Bxg4 27. Nxf7 Rd1+ 28. Kf2 Be6 29. Ng5 Bb3 30. Raa7 Rd2+ 31. Kg3 h6 32. Rg7+ Kf8 33. Nh7+ Ke8 34. Nf6+ Kf8 35. Rh7 1-0